00981nam a2200277 a 4500008004100000020003100041040002500072041000800097044001100105080002200116100001600138245010800154250001300262260008200275300001700357500007500374500002700449700001800476700002700494700002200521700002800543924001400571958000600585999001700591952009500608960514s1987||||[C 0 slo c c9 Kčs. q(5 000 výtl.) aSNKbslocSNKeAACR21 aslo axocSK a786.8.083.6.087.51 aHochel4aut10aMiniatúryhHudobninabAkordeóncHochel, Várady ; Stanislav Hochel, E. Várady, Alena Wagnerová a1., vyd. aBratislavabOpus [vyd.]c1987ePartizánskefZápadoslovenské tlačiarne a34 s.c30 cm aHudobnina. Obsahuje 6 skladieb S. Hochela a 18 skladieb E. Váradyho. aOb. Alena Wagnerová.1 aVárady4aut1 aHochel, Stanislav4aut1 aVárady, E.4aut1 aWagnerová, Alena4oth aharmonika aH c15185d15185 001040708Ka10000b10000d2019-11-29g9.00i14221oI 0281r2019-11-29w2019-11-29yOLDO